Southville International School and Colleges
Your cart is empty.
  • Cart
  • Lists
    Public lists Eva Luna New books Lux_list list_1
    Your lists Log in to create your own lists
  • Log in to your account
  • Your cookies
  • Search history
Southville International School and Colleges
  • Advanced search
  • Recent comments
  • Most popular
  • Libraries

Log in to your account

Log in with GOOGLE


If you do not have an external account, but do have a local account, you can still log in:

  1. Home
  2. MARC view: Guinness book of the 20th century /
Normal view MARC view ISBD view

Guinness book of the 20th century / (Record no. 3904)

[ view plain ]
MARC details
000 -LEADER
fixed length control field 00500nam a22001937a 4500
003 - CONTROL NUMBER IDENTIFIER
control field OSt
005 - DATE AND TIME OF LATEST TRANSACTION
control field 20160421141540.0
008 - FIXED-LENGTH DATA ELEMENTS--GENERAL INFORMATION
fixed length control field 130705t xxu||||| |||| 00| 0 eng d
020 ## - INTERNATIONAL STANDARD BOOK NUMBER
International Standard Book Number 0851120571
050 ## - LIBRARY OF CONGRESS CALL NUMBER
Classification number AG 243
Item number .G964 1985
082 ## - DEWEY DECIMAL CLASSIFICATION NUMBER
Classification number REF 909.82
Item number G94 1985
245 ## - TITLE STATEMENT
Title Guinness book of the 20th century /
260 ## - PUBLICATION, DISTRIBUTION, ETC. (IMPRINT)
Name of publisher, distributor, etc Guiness Publishing,
Date of publication, distribution, etc c1997.
300 ## - PHYSICAL DESCRIPTION
Extent 456 p. ;
Other physical details ill. col ;
Dimensions 30 cm.
520 ## - SUMMARY, ETC.
Summary, etc 1. Chronology 2. Almanacs
562 ## - COPY AND VERSION IDENTIFICATION NOTE
Number of copies 1
942 ## - ADDED ENTRY ELEMENTS (KOHA)
Source of classification or shelving scheme Library of Congress Classification
Koha item type Books
Holdings
Withdrawn status Lost status Source of classification or shelving scheme Damaged status Home library Current library Shelving location Date acquired Source of acquisition Total Checkouts Full call number Barcode Date last seen Copy number Price effective from Koha item type
    Library of Congress Classification   Luxembourg Library Luxembourg Library Reference Section 07/05/2013 Donation   AG 243 .G964 1985 7542 04/04/2016 1 07/05/2013 Books

Guinness book of the 20th century /

APA

(1997). Guinness book of the 20th century. : Guiness Publishing.

Chicago

1997. Guinness book of the 20th century. : Guiness Publishing.

Harvard

(1997). Guinness book of the 20th century. : Guiness Publishing.

MLA

Guinness book of the 20th century. : Guiness Publishing. 1997.

  • Place hold
  • Print
  • Cite
  • Add to your cart (remove)
  • Save record
    BIBTEX Dublin Core MARCXML MARC (non-Unicode/MARC-8) MARC (Unicode/UTF-8) MARC (Unicode/UTF-8, Standard) MODS (XML) RIS
  • More searches
    Search for this title in:
    Other Libraries (WorldCat) Other Databases (Google Scholar) Online Stores (Bookfinder.com) Open Library (openlibrary.org)

Exporting to Dublin Core...

SOUTHVILLE LIBRARY

Southville International School and Colleges Library

1281 Tropical Ave. Cor. Luxembourg St., BF Homes International, Las Pinas City

Tel. No. 8256374 / 252358 Loc. 117/146

Powered by Koha